Apicultura: conocimiento de la abeja manejo de la colmena.

Uloženo v:
Podrobná bibliografie
Hlavní autor: Jean-Prost, Pierre (Autor)
Další autoři: Médori, Paul
Médium: Kniha
Jazyk:španělština
Vydáno: Madrid, España Mundi Prensa 2006
Vydání:Cuarta edición
Témata:
Tagy: Přidat tag
Žádné tagy, Buďte první, kdo vytvoří štítek k tomuto záznamu!

MARC

LEADER 00000nam a2200000 a 4500
001 UCH7746
003 CL-VaPUC
005 20250421164338.0
008 091126e20060000SP |||||||||||||||||spa|d
999 |c 338123  |d 338121 
020 |a 9788484762041 
040 |c Pontificia Universidad Católica de Valparaíso 
082 0 4 |a 638.1 JEA 2006  |2 21 
100 |a Jean-Prost, Pierre  |e author  |9 544046 
245 1 0 |a Apicultura: conocimiento de la abeja manejo de la colmena. 
250 |a Cuarta edición 
260 0 3 |a Madrid, España  |b Mundi Prensa  |c 2006 
300 |a 789 páginas. 
583 |a last modification  |c 20091126 00:00:00  |k Rodrigo Vera 
650 0 |a Apicultura   |9 264400 
650 0 |a Colmena de abejas  |9 393951 
650 0 |a Abejas (Apoidea)  |9 269522 
650 0 |a Cultivo  |9 264268 
650 0 |a Polinización  |9 259680 
650 7 |a PRODUCCION DE MIEL  |2 CL-VaPUC  |9 393949 
650 0 |a Miel de abejas  |9 417524 
650 0 |a Enfermedades  |9 263059 
650 7 |a ECONOMIA APICOLA  |2 CL-VaPUC  |9 544048 
700 0 |a Médori, Paul  |9 544047 
942 |c BK  |2 ddc 
945 |d 20091126 00:00:00  |a rbrito 
952 |0 0  |1 0  |2 ddc  |4 0  |6 638_100000000000000_JEA_2006  |7 0  |8 A  |9 430960  |a BIBAGR  |b BIBAGR  |d 2019-11-22  |i 4621603  |l 8  |o 638.1 JEA 2006  |p 4621603  |r 2025-01-20  |s 2023-07-05  |t 1  |w 2019-11-22  |y BK  |k AGR